000 01713cam a22004574i 4500
003 PE-LiUPU
005 20250731173130.0
008 150623s1998 enk rb 000 0 eng d
020 _a1873796714
035 _a(Sirsi) i9781873796719
040 _aPE-LiUPU
_bspa
_cPE-LiUPU
_erda
049 _aPRUA
082 0 4 _a220.52
_bD97
_221
100 1 _aDunton, Hugh I.,
_eautor.
245 1 0 _aBible versions :
_ba consumer's guide to the Bible /
_cHugh Dunton.
264 1 _aLincolnshire, England :
_bAutumn House Limited,
_c1998.
300 _a155 páginas ;
_c20 centímetros
336 _atext
_2rdacontent
337 _aunmediated
_2rdamedia
338 _avolume
_2rdacarrier
504 _aIncluye bibliografía.
505 0 _aSetting the scene -- The Bible and who wrote it -- The contemporary mesage -- Over the language barrier -- The manuscripts and the canon -- The greek text after 1611 -- The authorized version -- Defenders of tradition -- A cloud of witnesses -- 'And is profitable.
526 _aSEG42
526 _aSEG41
526 _aSEG40
526 _aSEG39
526 _aP94
526 _aP87
526 _aP86
526 _aP85
526 _aP77
526 _aP76
526 _aP35
650 0 4 _aVersiones de la Biblia.
942 _2ddc
_cBOOK
949 _a220.52 D97
_wDEWEY
_c1
_i51551
_lCCODEBUL1
_mBUL
_p15.00
_r0
_sY
_tBOOK
_u2015-6-24
_xTEOLOGIA
_PP35
_0COMPRA
_o.STAFF. Colección Teología
994 _aC0
_bPEPRU
596 _a1
999 _a220.52 D97
_wDEWEY
_c33277
_i51551
_f2021-11-9
_g5
_lCCODEBUL1
_mBUL
_p15.00
_r0
_sY
_tBOOK
_u2015-6-24
_xTEOLOGIA
_PP35
_0COMPRA
_o.STAFF. Colección Teología
_d33277
980 _81
_gALBERTO SANCHEZ Responsable de Automatización